The new thing : a silicon valley story (Record no. 61183)

MARC details
000 -LEADER
fixed length control field 00684nam a2200229Ia 4500
008 - FIXED-LENGTH DATA ELEMENTS--GENERAL INFORMATION
fixed length control field 191130s2000##################000#0#eng##
020 ## - INTERNATIONAL STANDARD BOOK NUMBER
ISBN 9780140296464
082 ## - DEWEY DECIMAL CLASSIFICATION NUMBER
Classification number 338.47 LEW
100 ## - MAIN ENTRY--AUTHOR NAME
Personal name Lewis, Michael
245 ## - TITLE STATEMENT
Title The new thing : a silicon valley story
Statement of responsibility, etc Michael Lewis
260 ## - PUBLICATION, DISTRIBUTION, ETC. (IMPRINT)
Place of publication London
Name of publisher Penguin Books
Year of publication ©2000
300 ## - PHYSICAL DESCRIPTION
Number of Pages xviii, 266 p. ; 20 cm
500 ## - GENERAL NOTE
General note Originally published in the U.S. by W.W. Norton & Co., 2000
650 ## - SUBJECT ADDED ENTRY--TOPICAL TERM
Topical Term Businessmen
Topical Term Clark, Jim, 1944
Topical Term Computer software industry
Topical Term United States
991 ## -
-- 186545
Holdings
Withdrawn status Lost status Damaged status Not for loan Home library Current library Shelving location Date acquired Full call number Accession Number Price effective from Koha item type
        Anna Centenary Library Anna Centenary Library 4TH FLOOR, A WING 09.10.2020 338.47 LEW 412643 09.10.2020 English Books

Find us on the map